Pays commençant par A - Statistiques

Statistiques générales
  • Ce quiz a été pris 384 fois
  • Le résultat moyen est 11 sur 17
Statistiques - réponses
Réponse : % Correct
Allemagne
89%
Algérie
88%
Arménie
88%
Albanie
86%
Australie
86%
Angola
84%
Andorre
83%
Afghanistan
81%
Argentine
81%
Autriche
80%
Azerbaïdjan
76%
Afrique du Sud
70%
Arabie saoudite
69%
Antigua-et-Barbuda
45%
Aruba
11%
Anguilla
6%
Antilles néerlandaises
4%
Aucun quiz correspondant
Distribution des résultats
% des personnes avec chaque résultat
Percentile par nombre de réponses
Votre historique - résultats
Vous n’avez pas pris ce quiz